Quiz mode de jeux (Game mode) Valorant - Statistiques

Statistiques générales
  • Ce quiz a été pris 59 fois
  • Le résultat moyen est 6 sur 9
Statistiques - réponses
Réponse % Correct
2 Compétition / Competitive / Ranked
98%
5 Combat à Mort / Deathmatch / Fight to the Death
87%
1 Non Classé / Unclassified / Unranked
87%
3 Vélocité / SwiftPlay / Velocity
85%
7 Combat a mort par équipe / Team Deathmatch
77%
4 Spike Rush
57%
6 intensification / Escalation
47%
8 Premier / Ffrst
28%
9 Partie Personnalisée / custom game / Custom Part
26%
Aucun quiz correspondant
Distribution des résultats
% des personnes avec chaque résultat
Percentile par nombre de réponses
Votre historique - résultats
Vous n’avez pas pris ce quiz